Controversial Geography - Statistics

General Stats
  • This quiz has been taken 458 times
  • The average score is 13 of 21
Answer Stats
Hint Answer % Correct
This country might be the largest island in the world Australia
95%
This island nation is either European or Asian depending on who you ask Cyprus
92%
Most of this country's population is in Europe, but most of the area is in Asia, so which continent it's on is commonly confused. Russia
86%
Depending on who you ask, France and China may be on one continent, called this Eurasia
75%
Central ________ and the Caribbean may or may not be part of North ________ America
71%
There are either four or five oceans, depending on if you count this one. Southern Ocean
70%
Colombo might be a capital of this country in Asia Sri Lanka
69%
This country might be called Cote d'ivoire Ivory Coast
68%
The Nile is the longest river in the world, or it could be this river Amazon River
66%
Bahrain is an island located in a gulf which is known by these two names Persian Gulf
65%
This U.S state could possibly be a peninsula Alaska
63%
The smallest country in the world is known by these two names Vatican City
62%
Egypt, Afghanistan, and Pakistan might be part of this region Middle East
57%
The smallest continent in the world might be called Australia or this Oceania
57%
Arabian Gulf
56%
The southern part of this country is the world's second largest peninsula (or not a peninsula) India
54%
This island, home to two countries, might be partly or completely in Australia New Guinea
54%
This peninsula may be part of Africa or Asia Sinai Peninsula
51%
Cape Verde / Cabo Verde
43%
These two countries may be called by their english names, or their Portuguese names. East Timor / Timor Leste
33%
Holy See
29%
No matching quizzes found
Score Distribution
Percent of People with Each Score
Percentile by Number Answered
Your Score History
You have not taken this quiz